The big blue guy's book of dad goals. (Record no. 408278)
[ view plain ]
| 000 -LEADER | |
|---|---|
| fixed length control field | 01764cam a22004451i 4500 |
| 001 - CONTROL NUMBER | |
| control field | 1499140475 |
| 003 - CONTROL NUMBER IDENTIFIER | |
| control field | OCoLC |
| 005 - DATE AND TIME OF LATEST TRANSACTION | |
| control field | 20250528144556.0 |
| 008 - FIXED-LENGTH DATA ELEMENTS--GENERAL INFORMATION | |
| fixed length control field | 250212s2025 nyua j 000 1 eng d |
| 020 ## - INTERNATIONAL STANDARD BOOK NUMBER | |
| International Standard Book Number | 9780593888919 |
| 020 ## - INTERNATIONAL STANDARD BOOK NUMBER | |
| International Standard Book Number | 059388891X |
| 035 ## - SYSTEM CONTROL NUMBER | |
| System control number | (OCoLC)1499140475 |
| 040 ## - CATALOGING SOURCE | |
| Original cataloging agency | CHILD |
| Language of cataloging | eng |
| Description conventions | rda |
| Transcribing agency | CHILD |
| Modifying agency | OCLCO |
| -- | OCO |
| -- | OCLCO |
| 092 ## - LOCALLY ASSIGNED DEWEY CALL NUMBER (OCLC) | |
| Feature heading | E |
| Item number | BLUEY |
| 245 04 - TITLE STATEMENT | |
| Title | The big blue guy's book of dad goals. |
| 264 #1 - Production, Publication, Distribution, Manufacture, and Copyright Notice. | |
| Place of production, publication, distribution, manufacture | New York, NY : |
| Name of producer, publisher, distributor, manufacturer | Penguin Young Readers Group, |
| Date of production, publication, distribution, manufacture, or copyr | 2025. |
| 300 ## - PHYSICAL DESCRIPTION | |
| Extent | 1 volume (unpaged): |
| Other physical details | color illustrations ; |
| Dimensions | 18 cm. |
| 336 ## - Content Type | |
| Content type term | text |
| 336 ## - Content Type | |
| Content type term | still image |
| 337 ## - Media type | |
| Media type term | unmediated |
| 338 ## - Carrier type | |
| Carrier type term | volume |
| 490 1# - SERIES STATEMENT | |
| Series statement | Bluey. |
| 500 ## - GENERAL NOTE | |
| General note | "First published in Australia by Puffin Books, 2023" --verso. |
| 520 ## - SUMMARY, ETC. | |
| Summary, etc | Bluey and Bingo's dad shares all his major dad goals in this guide for celebrating dads. Learn lessons like: staying ruggedly handsome at all times, dancing like no one is watching, and showing the kids how to win fair and square. |
| 521 2# - TARGET AUDIENCE NOTE | |
| Target audience note | PK1. |
| 521 1# - TARGET AUDIENCE NOTE | |
| Target audience note | Ages 3-5 years. |
| Source | Penguin Young Readers Group. |
| 521 8# - TARGET AUDIENCE NOTE | |
| Target audience note | AD 320 |
| Source | Lexile. |
| 630 00 - SUBJECT ADDED ENTRY--UNIFORM TITLE | |
| Uniform title | Bluey (Television program) |
| Form subdivision | Juvenile fiction. |
| 9 (RLIN) | 6458765 |
| 650 #0 - SUBJECT ADDED ENTRY--TOPICAL TERM | |
| Topical term or geographic name as entry element | Father and child |
| Form subdivision | Juvenile fiction. |
| 9 (RLIN) | 5676215 |
| 650 #0 - SUBJECT ADDED ENTRY--TOPICAL TERM | |
| Topical term or geographic name as entry element | Dogs |
| Form subdivision | Juvenile fiction. |
| 9 (RLIN) | 5674840 |
| 655 #7 - INDEX TERM--GENRE/FORM | |
| Genre/form data or focus term | Picture books. |
| Source of term | lcgft. |
| 655 #7 - INDEX TERM--GENRE/FORM | |
| Genre/form data or focus term | Animal fiction. |
| Source of term | lcgft. |
| 9 (RLIN) | 5748285 |
| 690 ## - LOCAL SUBJECT ADDED ENTRY--TOPICAL TERM (OCLC, RLIN) | |
| Topical term or geographic name as entry element | Easy picture book. |
| 690 ## - LOCAL SUBJECT ADDED ENTRY--TOPICAL TERM (OCLC, RLIN) | |
| Topical term or geographic name as entry element | Picture book |
| 710 2# - ADDED ENTRY--CORPORATE NAME | |
| Corporate name or jurisdiction name as entry element | Penguin Young Readers Group, |
| Relator term | editor, |
| -- | publisher. |
| 9 (RLIN) | 6006494 |
| 730 0# - ADDED ENTRY--UNIFORM TITLE | |
| Uniform title | Bluey (Television program) |
| 9 (RLIN) | 6421999 |
| 830 #0 - SERIES ADDED ENTRY--UNIFORM TITLE | |
| Uniform title | Bluey series. |
| 9 (RLIN) | 6422000 |
| 907 ## - LOCAL DATA ELEMENT G, LDG (RLIN) | |
| a | .b501991542 |
| 942 ## - ADDED ENTRY ELEMENTS (KOHA) | |
| Source of classification or shelving scheme | Dewey Decimal Classification |
| Koha item type | BOOK |
| Withdrawn status | Lost status | Source of classification or shelving scheme | Damaged status | Not for loan | Collection code | Home library | Current library | Shelving location | Date acquired | Source of acquisition | Total Checkouts | Total Renewals | Full call number | Barcode | Checked out | Date last seen | Date checked out | Cost, replacement price | Price effective from | Koha item type |
|---|---|---|---|---|---|---|---|---|---|---|---|---|---|---|---|---|---|---|---|---|
| Dewey Decimal Classification | Children Holiday Books | Wasatch County Library | Wasatch County Library | Main Floor Childrens Area | 06/05/2025 | Penworthy | 9 | 9 | E Father's Day Bluey | 34301002156984 | 05/02/2026 | 03/06/2026 | 03/06/2026 | 9.99 | 06/05/2025 | BOOK |
